Numbers 1-30 - Statistics

General Stats
  • This quiz has been taken 292 times
  • The average score is 22 of 30
Answer Stats
Answer % Correct
1
97%
2
97%
3
96%
4
91%
5
90%
7
90%
8
90%
9
90%
6
89%
10
86%
12
85%
11
84%
16
80%
13
79%
15
79%
17
79%
14
77%
18
77%
19
76%
20
69%
21
64%
22
63%
23
56%
24
55%
25
53%
26
53%
27
51%
28
47%
29
44%
30
41%
No matching quizzes found
Score Distribution
Percent of People with Each Score
Percentile by Number Answered
Your Score History
You have not taken this quiz